000 00399nam a22001697a 4500
003 MPLRDC
005 20220104142909.0
008 210129b ||||| |||| 00| 0 eng d
082 _a177.3 HGWH
100 _a不详
245 _a怎样使你左右逢源
_c
260 _a
_b皇冠文化事业公司
_c
300 _b
490 _a处世修养丛书
650 _a
942 _cBK
_o177.3 HGWH
999 _c34665
_d34655